| 000 | 00588cam a2200157I 4500 | ||
|---|---|---|---|
| 082 |
_a947.0841 _bTRO |
||
| 100 | 1 |
_aTrotsky, Leon, _950255 |
|
| 245 | 0 | 4 |
_aThe history of the Russian revolution ... _cTranslated from the Russian by Max Eastman. |
| 260 |
_aNew York, _bSimon and Schuster, _c1932. |
||
| 300 |
_a3 v. _billus. _c24 cm. |
||
| 500 | _aAt head of title: Leon Trotsky. | ||
| 505 | 0 | _aI. The overthrow of tzarism.--II. The attempted counter-revolution.--III. The triumph of the soviets. | |
| 526 |
_a0 _b0 _c0 _d947_084100000000000_TRO |
||
| 700 | 1 | _aEastman, Max, | |
| 942 |
_2ddc _cBK |
||
| 999 |
_c553096 _d553096 |
||